Quiz do Gabão - Statistics

Estatísticas Gerais
  • Esse quiz foi jogado 439 vezes
  • A pontuação média é 12 de 16
Estatísticas das Respostas
Dica Resposta % Correto
O Gabão era uma colônia deste país antes de 1960 França
92%
Golfo fazendo fronteira com o Gabão Golfo da {Guiné}
92%
Grande linha de latitude que divide o país pela metade Equador
91%
Países que fazem fronteira com o Gabão República do Congo
91%
Língua oficial Francês
90%
Países que fazem fronteira com o Gabão Guiné Equatorial
88%
Países que fazem fronteira com o Gabão Camarões
87%
País insular localizada a 225 km no oeste do Gabão São Tomé e Príncipe
84%
25% da população mundial deste primata são encontrados no Gabão Gorila
76%
85% das terras do Gabão são cobertas por ____, a mais alta de qualquer país, com a exceção do Suriname Florestas
73%
Quase metade das exportações do Gabão são enviadas para este país China
69%
Exportação principal do Gabão Petróleo
69%
Capital do Gabão Libreville
66%
A Batalha do Gabão foi o único conflito significativo na África Central desta guerra Segunda Guerra Mundial
45%
Segunda maior cidade Port-{Gentil}
27%
Presidente do Gabão entre 1967–2009 Omar {Bongo}
26%
Nenhum quiz correspondente encontrado
Distribuição das Pontuações
Porcentagem de Pessoas com Cada Pontuação
Percentil de Números Respondidos
Sua Pontuação Histórica
Você não jogou esse quiz